| 000 | 00819nam a2200193Ia 4500 | ||
|---|---|---|---|
| 999 |
_c39873 _d39873 |
||
| 001 | 6478 | ||
| 003 | GE_BSU | ||
| 005 | 20190701174833.0 | ||
| 008 | 181216s1979||||ge |||||||||||||| ||geo|| | ||
| 041 | _ageo | ||
| 080 | _a621.96 ლ-80 | ||
| 100 |
_aლოლაძე, თ. _93140 |
||
| 245 |
_aმასალების ჭრით დამუშავება : ნაწ. III : ლექციების კონსპექტი / _cთ. ლოლაძე ; რედ : მ. ძიძიგური. |
||
| 264 |
_aთბილისი : _bსპი, _c1979. |
||
| 300 |
_a64 გვ .: _bილ . _c20 სმ . |
||
| 653 | _aმასალების ჭრით დამუშავება | ||
| 700 |
_aძიძიგური, მ _eრედაქტორი _9472 |
||
| 942 |
_cBK _2udc |
||